|
|
|
|
| LEADER |
00000cam a2200000 7i4500 |
| 001 |
0000003148 |
| 005 |
20050217.0 |
| 020 |
0 |
0 |
|a 9678911965
|
| 090 |
0 |
0 |
|a 346.595046913
|b MAL
|
| 110 |
1 |
0 |
|a Malaysia
|
| 240 |
0 |
0 |
|a Akta Kerja Saluran, 1954.
|l English
|
| 245 |
0 |
0 |
|a Drainage Works Act 1954 (Act 354) & Irrigation Areas Act 1953 (Act 386) : :
|b (as at 10th August 2001)
|c compiled by Legal Research Board
|
| 260 |
0 |
0 |
|a Petaling Jaya :
|b International Law Book Services, ,
|c 2001
|
| 300 |
|
|
|a 28p. ;
|c 24cm.
|
| 440 |
0 |
0 |
|a Laws of Malaysia
|
| 650 |
0 |
0 |
|a Drainage laws
|z Malaysia
|
| 650 |
0 |
0 |
|a Irrigation laws
|z Malaysia
|
| 710 |
1 |
1 |
|a Malaysia.
|t Akta Kawasan-kawasan Pengairan, 1953
|
| 710 |
2 |
1 |
|a Lembaga Penyelidikan Undang-Undang
|
| 999 |
|
|
|a 0000005838
|b Monograph
|c Open Shelf
|e Default branch
|